000 00822nas a2200265 4500
001 BR9600753
003 BR-BrBNA
005 20231205095655.0
007 ta
008 230509b bl.|||p| |||| 00| 00por d
040 _aBR-BrBNA
_bpor
_cBiblioteca Nacional de Agricultura
041 _a(Pt)
072 _aH01; D50
100 1 _aMarques, A.S. dos A.
100 1 _aParente, P.M.G.
100 1 _aMarinho, V.L. de A.
100 1 _aBuso, G.S.C.
245 1 _aA quarentena e o intercambio de germoplasma vegetal no Brasil: a situacao do CENARGEN
650 _aQuarentena
650 _aDefesa Vegetal
650 _aGermoplasma
773 0 _tPesquisa Agropecuaria Brasileira (Brazil)
_xISSN 0100-204X
_g(Feb 1995), v. 30(2) p. 143-154
_wBR9600753
909 _a202311
_bLúcia
_c55
_dLúcia Elande
942 _2AGRIS
_n0
_cANA
999 _c152055
_d152055